[Event "FIDE Grand Prix Palma 2017"]
[Site "Palma de Mallorca"]
[Date "2017.11.24"]
[Round "8"]
[White "Rapport, Richard"]
[Black "Jakovenko, Dmitry"]
[Result "1/2-1/2"]
[WhiteElo "2692"]
[BlackElo "2721"]
[Annotator "TA"]
[PlyCount "29"]
[EventDate "2017.??.??"]
[EventType "swiss"]
[EventCountry "ESP"]
[SourceTitle "playchess.com"]
[Source "ChessBase"]
[SourceQuality "1"]

{[%evp 10,29,11,14,12,9,21,16,27,32,32,24,17,19,26,12,24,13,26,8,27,19]} 1. d4 Nf6 2. Bg5 d5 3. e3 c5 4. c3 Qb6 5. Qc2 Nc6 6. Nd2 {LiveBook: 3 Games. D00: 1 d4 d5: Unusual lines} e5 $146 ({Predecessor:} 6... Bg4 7. Be2 Bxe2 8. Nxe2 e6 9. O-O Be7 10. Nf4 O-O 11. Nd3 cxd4 12. exd4 {1-0 (59) Carlsen,M (2840)-Morozevich,A (2676) Doha 2016}) 7. dxe5 Nxe5 8. Be2 {The position is equal.} Be7 9. Ngf3 Ng6 10. O-O O-O 11. c4 Be6 12. cxd5 Nxd5 13. Bc4 h6 14. Bxe7 Ngxe7 15. a3 1/2-1/2

[Event "FIDE Grand Prix Palma 2017"]
[Site "Palma de Mallorca"]
[Date "2017.11.24"]
[Round "8"]
[White "Inarkiev, Ernesto"]
[Black "Vachier-Lagrave, Maxime"]
[Result "1/2-1/2"]
[WhiteElo "2683"]
[BlackElo "2796"]
[Annotator "TA"]
[PlyCount "81"]
[EventDate "2017.??.??"]
[EventType "swiss"]
[EventCountry "ESP"]
[SourceTitle "playchess.com"]
[Source "ChessBase"]
[SourceQuality "1"]

{[%evp 26,81,14,22,56,35,38,35,43,43,43,43,43,43,43,43,49,43,43,43,43,43,43,43,43,43,43,43,43,43,43,43,43,43,43,14,43,43,43,0,0,0,0,0,0,0,0,0,0,0,0,0,0,0,0,0,0,0]} 1. d4 Nf6 2. c4 g6 3. Nc3 d5 4. Bf4 Bg7 5. e3 O-O 6. cxd5 Nxd5 7. Nxd5 Qxd5 8. Bxc7 Na6 9. Bxa6 Qxg2 10. Qf3 Qxf3 11. Nxf3 bxa6 12. Rc1 f6 {D84: Grünfeld: 4 Bf4 Bg7 5 e3 0-0 6 cxd5} 13. Rg1 Rf7 14. b3 {[#] LiveBook: 5 Games} Bd7 $146 ({Predecessor:} 14... Bf8 15. Nd2 Bb7 16. Ke2 Re8 17. f3 e5 18. dxe5 Bb4 19. Ne4 fxe5 20. Ng5 {½-½ (67) Giri,A (2771)-Vachier Lagrave,M (2796) Leuven 2017}) 15. Ba5 e6 16. Nd2 Rc8 17. Rxc8+ Bxc8 18. Ne4 Bf8 $1 19. Ke2 Bb7 20. f3 Kg7 21. Rc1 g5 22. Nc5 Bxc5 23. dxc5 $14 {[%mdl 4096] [#] Endgame Threatens to win with c6. KRB-KRB} Bc6 24. Rd1 Bb5+ 25. Kf2 Rd7 26. Rxd7+ Bxd7 {KB-KB} 27. Bc7 e5 28. Bb8 Kg6 29. Bxa7 Kf5 30. Kg3 h5 31. e4+ Ke6 32. h4 gxh4+ {The position is equal.} 33. Kxh4 f5 34. Kxh5 fxe4 35. fxe4 Bc6 36. Kg4 {Strongly threatening Kf3.} Bxe4 37. Kg3 Bb1 38. a3 Bc2 39. b4 Ba4 40. Kf3 Kd5 41. Ke3 {Precision: White = 68%, Black = 85%.} 1/2-1/2

[Event "FIDE Grand Prix Palma 2017"]
[Site "Palma de Mallorca"]
[Date "2017.11.24"]
[Round "8"]
[White "Hammer, Jon Ludvig"]
[Black "Riazantsev, Alexander"]
[Result "1/2-1/2"]
[WhiteElo "2629"]
[BlackElo "2651"]
[Annotator "TA"]
[PlyCount "159"]
[EventDate "2017.??.??"]
[EventType "swiss"]
[EventCountry "ESP"]
[SourceTitle "playchess.com"]
[Source "ChessBase"]
[SourceQuality "1"]

{[%evp 9,158,17,15,15,19,14,14,14,8,8,12,20,12,24,24,12,16,17,16,11,16,16,22,18,39,37,24,0,10,-13,29,12,44,41,50,48,53,51,44,42,50,32,41,14,13,0,0,0,16,12,20,18,42,41,37,20,37,37,44,33,36,37,38,27,28,30,73,54,100,105,106,98,88,84,72,81,81,77,129,112,106,0,72,74,129,140,179,179,179,185,177,179,179,160,211,8,8,1,1,1,1,1,1,1,1,0,8,8,508,8,8,8,8,8,8,8,8,8,8,8,8,8,8,8,8,8,8,8,8,8,8,8,8,8,8,8,8,0,0,0,0,0,0,0,0,0,0,0,0,0,0]} 1. e4 e6 2. d4 d5 3. exd5 exd5 4. Nf3 Nc6 5. Bd3 Nb4 6. Bb5+ {C01: French: Exchange Variation} c6 7. Be2 Bf5 8. Na3 {[%cal Bb1a3,Ba3c2,Bc2e3,Be3f5][%mdl 32]} Na6 $146 ({Predecessor:} 8... a5 9. c3 Na6 10. Nc2 Bd6 11. O-O Ne7 12. Ne5 O-O 13. Ne3 {0-1 (59) Toufighi,H (2386)-Volkov,S (2628) playchess.com INT 2006}) 9. O-O Nc7 10. Re1 Be7 11. c3 Nf6 12. Nc2 O-O 13. Ne3 Be4 14. Ne5 c5 15. f3 Bg6 16. Bd3 Re8 17. Nf5 Bf8 18. g4 Nd7 19. Kg2 Nxe5 (19... c4 {with more complications.} 20. Bc2 Bxf5 21. gxf5 f6 22. Ng4 Bd6) 20. dxe5 f6 (20... Bxf5 $5 21. Bxf5 g6 $11) 21. Bf4 $1 Bxf5 22. gxf5 ({Reject} 22. Bxf5 fxe5 23. Bxe5 (23. Rxe5 Rxe5 24. Bxe5 Bd6 $11) 23... Bd6 $11) 22... fxe5 23. Bxe5 Be7 24. f4 Bf6 25. Qh5 {Hoping for Bxc7.} Re7 26. c4 d4 27. Re2 Qe8 28. Qxe8+ Nxe8 29. Kg3 Kf8 30. Rae1 Rd8 31. Bxf6 Rxe2 {[#]} 32. Bxg7+ $1 {[%mdl 512]} Nxg7 33. Rxe2 $14 {[%mdl 4096] Endgame KRB-KRN} Kf7 34. Kf3 b6 35. a3 a5 36. b4 axb4 37. axb4 Ne8 38. Re6 Rd6 39. bxc5 bxc5 40. Re5 Rc6 41. Be4 Rc7 42. Bd5+ Kf8 43. Re6 Re7 ({Black should play} 43... Rf7) 44. Rc6 $16 Rc7 45. Re6 Re7 46. Rb6 Kg7 {[#]} (46... Re3+ $142 47. Kf2 Rh3) 47. Rc6 $1 Nf6 48. Rxc5 Re3+ 49. Kf2 Ng4+ 50. Kg2 Rc3 51. Rc7+ Kh6 (51... Kf8 $16 {might work better.}) 52. h3 $2 (52. Rd7 $18) 52... Ne3+ $11 53. Kf2 Nxd5 {KRN-KR} 54. Rc6+ {[#]} Nf6 $1 {[%mdl 512]} 55. Rxf6+ {KR-KR} Kg7 $132 {[%mdl 2048] Black puts up resistance} 56. Rc6 {And now h4 would win.} Rxh3 57. c5 Rh2+ 58. Kf3 {Ke4 is the strong threat.} d3 $2 {[%mdl 8192]} (58... h5 $1 $11 {and Black stays safe.}) 59. Ke4 $2 (59. Ke3 $18 Rh3+ 60. Kd2) 59... d2 $1 {The position is equal.} 60. Rd6 {aiming for Ke3.} h5 $1 {[%cal Bh7h5,Bh5h4][%mdl 32]} 61. c6 {Threatens to win with Rd4.} h4 $1 62. f6+ Kg6 $1 63. f7+ Kxf7 64. Kf5 d1=Q 65. Rxd1 {Threatening mate with c7.} Rc2 66. Rd7+ Ke8 67. Rc7 Kd8 68. Rh7 {Black must now prevent Rh6.} (68. Ra7 {is interesting.} Rxc6 69. Rh7 Rc5+ 70. Kg4 Rc6 71. Rxh4 Ke8 72. Rh7) 68... Rxc6 69. Rxh4 Ke7 70. Kg5 Kf7 71. f5 Ra6 72. Rh7+ Kf8 73. Rh6 Rxh6 74. Kxh6 {Kg6 would kill now. KP-K} Kf7 75. Kg5 Kg7 76. f6+ Kf7 77. Kf5 Kf8 78. Kg6 {Intending f7 and mate.} Kg8 79. f7+ Kf8 80. Kf6 $2 {[%mdl 8192] Precision: White = 69%, Black = 68%.} (80. Kg5 Kxf7) 1/2-1/2

[Event "FIDE Grand Prix Palma 2017"]
[Site "Palma de Mallorca"]
[Date "2017.11.25"]
[Round "9"]
[White "Vachier-Lagrave, Maxime"]
[Black "Jakovenko, Dmitry"]
[Result "0-1"]
[WhiteElo "2796"]
[BlackElo "2721"]
[Annotator "TA"]
[PlyCount "88"]
[EventDate "2017.??.??"]
[EventType "swiss"]
[EventCountry "ESP"]
[SourceTitle "playchess.com"]
[Source "ChessBase"]
[SourceQuality "1"]

{[%evp 20,88,29,18,19,27,23,19,23,16,14,10,18,17,55,56,55,56,65,66,58,48,37,36,52,36,61,46,78,70,70,64,68,68,77,73,72,66,78,20,43,34,33,42,36,0,0,0,0,-88,-85,-89,-6,-33,-31,-282,-286,-726,-714,-904,-930,-1209,-1191,-29984,-29985,-29985,-29986,-29986,-29987,-29987,-29987]} 1. e4 e5 2. Nf3 Nc6 3. Bc4 Bc5 4. c3 Nf6 5. d3 a6 6. O-O d6 7. a4 {C54: Giuoco Piano: 4 c3 Nf6, main lines with 5 d4 and 5 d3} Ba7 (7... h6 8. Re1 O-O 9. h3 a5 10. Nbd2 Be6 11. Bb5 Na7 12. d4 exd4 13. cxd4 Bb4 14. Bd3 d5 15. e5 Nd7 {½-½ (76) Vachier Lagrave,M (2804)-Svidler,P (2751) Tbilisi 2017}) 8. Re1 O-O 9. h3 h6 10. Nbd2 Re8 11. b4 {LiveBook: 21 Games} Ne7 12. Qb3 Rf8 13. d4 exd4 14. cxd4 d5 15. exd5 $146 ({Predecessor:} 15. Bd3 dxe4 16. Nxe4 Nxe4 17. Bxe4 {1-0 (40) Urbanik,L (1993)-Zsitva,N (1838) Namestovo 2017}) 15... Nexd5 16. b5 Be6 17. bxa6 bxa6 18. Ba3 Re8 19. Ne5 $1 (19. Bxa6 $6 Nf4 $11) 19... Nf4 20. Ndf3 Bxc4 (20... Bxd4 $6 21. Bxe6 Nxe6 22. Rad1 $18) 21. Qxc4 Qd5 22. Qxd5 $1 N6xd5 23. Nc6 {aiming for Rxe8+.} Rxe1+ 24. Rxe1 a5 25. g3 $1 {[%cal Rg3f4]} ({Much weaker is} 25. Nxa7 Rxa7 26. Re8+ Kh7 $11) 25... Ng6 26. Nxa7 Rxa7 27. Re8+ Kh7 28. h4 {[%cal Bh3h4,Bh4h5][%mdl 32]} Rb7 {[#]} 29. Nd2 (29. Bc5 $1 $16) 29... Nc3 30. h5 Nh8 31. Nc4 Nxa4 32. Ne5 Nb6 33. Bc5 a4 34. d5 (34. Nc6 $11 {keeps the balance.}) 34... f6 $17 ({Don't play} 34... Nxd5 $6 35. Nd7 $11) 35. Nc6 Nd7 (35... Nxd5 $17 {Threatens to win with ...Rb1+.} 36. Nd4 Nf7) 36. Bd4 {Hoping for Re7.} Rb5 37. Nd8 $2 {[%mdl 8192]} (37. Ra8 $15) 37... Rb8 $19 ({Resist} 37... Rxd5 38. Ne6 $17) 38. Bb2 $2 (38. Kf1) 38... Rxb2 39. Ne6 a3 40. Re7 {[#]} Nf7 $1 {And now ...a2 would win.} 41. Rxf7 a2 {Black mates.} 42. Rxg7+ Kh8 43. Rxd7 a1=Q+ 44. Kg2 Qe1 {Precision: White = 43%, Black = 66%.} 0-1

[Event "FIDE Grand Prix Palma 2017"]
[Site "Palma de Mallorca"]
[Date "2017.11.25"]
[Round "9"]
[White "Nakamura, Hikaru"]
[Black "Aronian, Levon"]
[Result "1/2-1/2"]
[WhiteElo "2780"]
[BlackElo "2801"]
[Annotator "TA"]
[PlyCount "86"]
[EventDate "2017.??.??"]
[EventType "swiss"]
[EventCountry "ESP"]
[SourceTitle "playchess.com"]
[Source "ChessBase"]
[SourceQuality "1"]

{[%evp 30,86,39,37,37,22,23,23,26,25,26,20,48,45,45,45,52,52,50,45,55,57,69,53,62,47,51,50,55,55,55,55,54,36,47,53,84,74,84,81,76,76,114,99,103,43,74,49,52,37,37,37,40,37,37,0,50,0,52]} 1. e4 e5 2. Nf3 Nc6 3. Bb5 a6 4. Ba4 Nf6 5. O-O Be7 6. Re1 b5 7. Bb3 O-O 8. c3 d5 9. exd5 Nxd5 10. Nxe5 Nxe5 11. Rxe5 c6 12. Re1 Bd6 13. d3 Bf5 14. Qf3 Qh4 {C89: Closed Ruy Lopez: Marshall Attack} 15. g3 Qh3 16. Bxd5 {[#] LiveBook: 63 Games} Bg4 $146 {White is slightly better.} ({Predecessor:} 16... cxd5 17. Qxd5 Rad8 18. Qg2 Qxg2+ 19. Kxg2 Bxd3 20. Be3 Rfe8 21. Nd2 b4 22. Rad1 bxc3 23. bxc3 {½-½ (41) Almasi,Z (2689)-Tomashevsky,E (2743) Reykjavik 2015}) 17. Qg2 cxd5 18. Qxh3 Bxh3 19. Be3 Bf5 20. d4 Rfe8 21. Nd2 f6 22. Bf4 Bf8 23. Nf1 Rxe1 24. Rxe1 Rc8 25. f3 {[%cal Bf2f3,Bf3f4,Bf4f5][%mdl 32]} Kf7 26. Bd2 h5 27. Ne3 Be6 28. f4 Bd6 29. f5 Bd7 30. Rf1 $36 {[%mdl 2048] White has some pressure.} Re8 31. Rf2 Bc6 32. Ng2 b4 33. cxb4 Bb5 34. Rf3 Re2 {[#]} 35. Bc3 $1 Ke8 36. Rf2 Kd7 37. Nh4 (37. a3 $16) 37... Kc6 38. a3 Re8 39. Kg2 Be2 40. Nf3 {Strongly threatening Ne5+!} Bd3 41. Ne1 Be2 42. Nf3 {Black must now prevent Ne5+!} Bd3 43. Ne1 Be2 {Precision: White = 66%, Black = 66%.} 1/2-1/2

[Event "FIDE Grand Prix Palma 2017"]
[Site "Palma de Mallorca"]
[Date "2017.11.25"]
[Round "9"]
[White "Giri, Anish"]
[Black "Vallejo Pons, Francisco"]
[Result "1/2-1/2"]
[WhiteElo "2762"]
[BlackElo "2705"]
[Annotator "TA"]
[PlyCount "46"]
[EventDate "2017.??.??"]
[EventType "swiss"]
[EventCountry "ESP"]
[SourceTitle "playchess.com"]
[Source "ChessBase"]
[SourceQuality "1"]

{[%evp 9,46,19,50,0,0,0,0,-17,-10,-38,-28,-22,-37,-61,-35,-32,-25,-17,-24,-25,-20,-18,-14,-27,0,-97,-91,-120,0,0,0,0,0,0,0,0,0,0,0]} 1. c4 e5 2. g3 d6 3. Nc3 f5 4. d4 Be7 5. Bh3 Na6 $146 ({Predecessor:} 5... exd4 6. Qxd4 Bf6 7. Qe3+ Ne7 8. Nd5 O-O 9. Nxf6+ Rxf6 10. Qc3 Nd7 11. Nf3 Nc5 12. O-O b6 {½-½ (24) Halkias,S (2544)-Stevic,H (2606) Palic 2014}) 6. a3 {A21: English Opening: 1...e5 2 Nc3} c6 7. dxe5 dxe5 8. Qc2 e4 9. f3 (9. Bg2 {is more complex.} Nf6 10. Nh3 O-O 11. O-O h6 12. b3) 9... Nf6 $1 10. fxe4 fxe4 11. Bxc8 Rxc8 12. Nxe4 Nxe4 13. Qxe4 O-O 14. Nf3 $1 Bf6 15. Rb1 Re8 16. Qc2 Qe7 17. g4 (17. b4 $11) 17... Nc5 $17 18. g5 Qd7 ({Black should play} 18... Be5 $1 $17 19. O-O Bc7) 19. gxf6 $11 {[#] Black must now prevent Ng5.The position is equal.} Nd3+ $1 20. Kf1 Qh3+ 21. Kg1 Qg4+ 22. Kf1 Qh3+ 23. Kg1 Qg4+ {Precision: White = 59%, Black = 76%.} 1/2-1/2

[Event "FIDE Grand Prix Palma 2017"]
[Site "Palma de Mallorca"]
[Date "2017.11.25"]
[Round "9"]
[White "Radjabov, Teimour"]
[Black "Rapport, Richard"]
[Result "1/2-1/2"]
[WhiteElo "2741"]
[BlackElo "2692"]
[Annotator "TA"]
[PlyCount "71"]
[EventDate "2017.??.??"]
[EventType "swiss"]
[EventCountry "ESP"]
[SourceTitle "playchess.com"]
[Source "ChessBase"]
[SourceQuality "1"]

{[%evp 17,71,-3,8,6,20,12,18,25,18,16,25,18,23,20,28,21,29,16,25,23,23,25,25,18,26,19,22,19,27,25,20,21,18,0,35,12,26,26,16,21,12,16,39,33,40,20,19,15,43,23,38,0,0,0,5,0]} 1. d4 d5 2. c4 c6 3. Nf3 e6 4. Bg5 Be7 5. Bxe7 Qxe7 6. Nbd2 Nf6 {D30: Queen's Gambit Declined: Systems without Nc3} 7. g3 (7. e3 O-O 8. Qc2 b6 9. Bd3 Bb7 10. O-O dxc4 11. Qxc4 Ba6 12. Qc2 Bxd3 13. Qxd3 Nbd7 14. Rac1 {1-0 (30) Bu,X (2702)-Timofeev,A (2681) Sochi 2009}) 7... O-O 8. Bg2 b6 9. O-O Bb7 {LiveBook: 6 Games} 10. Ne5 $146 ({Predecessor:} 10. Qb3 Nbd7 11. Rfe1 c5 12. Qa3 e5 13. dxe5 Nxe5 14. Nxe5 Qxe5 15. cxd5 Nxd5 16. Nc4 Qc7 17. Rad1 Nb4 18. Bxb7 Qxb7 19. Qb3 Rad8 20. Rxd8 {½-½ (20) Friedel,J (2523)-Ostrovskiy,A (2384) Rockville 2016}) 10... Nbd7 11. Nxd7 Nxd7 12. Rc1 Rfd8 13. Qb3 Rab8 14. Rfd1 Nf6 15. Qa4 Ba8 16. b3 a5 17. c5 Nd7 {[%cal Rb6c5]} 18. cxb6 Qb4 19. Qxb4 axb4 20. e3 Rxb6 21. Nf3 Bb7 22. Rc2 Ra8 23. Bf1 Kf8 24. Rdc1 Ke7 25. Ne1 Ra5 26. Kg2 Kd6 27. Nd3 Ba6 28. Nc5 Bxf1+ 29. Kxf1 Kc7 {Threatening ...Nxc5.} 30. Nd3 Ra8 31. f4 Kd6 32. g4 Rc8 33. h4 Nf6 34. Ne5 Rc7 $1 35. Kg2 Ne4 36. Kf3 {Precision: White = 71%, Black = 54%.} 1/2-1/2

[Event "FIDE Grand Prix Palma 2017"]
[Site "Palma de Mallorca"]
[Date "2017.11.25"]
[Round "9"]
[White "Harikrishna, Pentala"]
[Black "Svidler, Peter"]
[Result "1/2-1/2"]
[WhiteElo "2738"]
[BlackElo "2763"]
[Annotator "TA"]
[PlyCount "53"]
[EventDate "2017.??.??"]
[EventType "swiss"]
[EventCountry "ESP"]
[SourceTitle "playchess.com"]
[Source "ChessBase"]
[SourceQuality "1"]

{[%evp 16,53,0,0,8,0,10,4,0,6,9,21,56,32,54,38,35,45,85,18,16,18,13,11,11,15,0,17,10,4,54,59,52,60,34,36,41,0,19,0]} 1. c4 e5 2. Nc3 Nf6 3. Nf3 Nc6 4. e3 Bb4 5. Qc2 Bxc3 6. bxc3 O-O 7. Be2 d6 8. d3 {A28: Englische Eröffnung (Vierspringer-Variante)} Qe7 (8... Re8 9. e4 Ne7 10. Nh4 Ng6 11. Nxg6 hxg6 12. O-O c6 13. f4 b5 14. cxb5 cxb5 {1-0 (40) Aronian,L (2799)-Matlakov,M (2728) Tbilisi 2017}) 9. e4 {LiveBook: 5 Partien} Ne8 10. Ba3 $146 ({Vorgänger:} 10. O-O f5 11. exf5 Bxf5 12. Nd2 Nf6 13. Bf3 Qf7 14. Re1 Qg6 15. Ne4 Nxe4 16. Bxe4 Bxe4 17. Rxe4 Nd8 18. Qe2 b6 19. Bd2 Nc6 20. Re1 Rf7 21. Rg4 {½-½ (21) Kovacevic,B (2440)-Ruck,R (2485) St Veit 1998}) 10... b6 11. O-O f5 12. d4 exd4 13. e5 d3 14. Qxd3 {[#] Und weiter mit Dd5+ wäre nett.} Bb7 $1 15. exd6 $1 Nxd6 16. Rfe1 Rad8 17. Bf1 (17. c5 $16 Ne4 18. Qb5) 17... Qf6 $1 $11 18. c5 Ne4 19. Qc4+ Rf7 20. Rad1 Rxd1 21. Rxd1 h6 22. cxb6 axb6 23. Rd7 $1 Na5 24. Qxc7 $1 Rxd7 25. Qxd7 {[#] Droht stark Lb4.} Qxc3 26. Qe8+ Kh7 27. Ne5 {Precision: Weiß = 57%, Schwarz = 58%.} 1/2-1/2

[Event "FIDE Grand Prix Palma 2017"]
[Site "Palma de Mallorca"]
[Date "2017.11.25"]
[Round "9"]
[White "Eljanov, Pavel"]
[Black "Gelfand, Boris"]
[Result "1/2-1/2"]
[WhiteElo "2707"]
[BlackElo "2719"]
[Annotator "TA"]
[PlyCount "37"]
[EventDate "2017.??.??"]
[EventType "swiss"]
[EventCountry "ESP"]
[SourceTitle "playchess.com"]
[Source "ChessBase"]
[SourceQuality "1"]

{[%evp 23,37,10,6,6,6,7,12,6,9,8,10,0,6,0,14,0]} 1. d4 Nf6 2. c4 e6 3. Nf3 d5 4. Nc3 Nbd7 5. Bg5 h6 6. Bh4 Be7 7. e3 O-O 8. Rc1 c5 {D63: Queen's Gambit Declined: Classical: 7 Rc1} 9. cxd5 Nxd5 10. Bxe7 Nxe7 11. Bb5 cxd4 12. Qxd4 Nf6 {LiveBook: 6 Games. The position is equal.} 13. O-O Qxd4 14. Nxd4 Rd8 15. Rfd1 Bd7 16. Be2 {[#]} Rac8 $146 17. Nf3 Bc6 18. Nd4 Bd7 19. Nf3 1/2-1/2

[Event "FIDE Grand Prix Palma 2017"]
[Site "Palma de Mallorca"]
[Date "2017.11.25"]
[Round "9"]
[White "Tomashevsky, Evgeny"]
[Black "Ding, Liren"]
[Result "1/2-1/2"]
[WhiteElo "2702"]
[BlackElo "2774"]
[Annotator "TA"]
[PlyCount "46"]
[EventDate "2017.??.??"]
[EventType "swiss"]
[EventCountry "ESP"]
[SourceTitle "playchess.com"]
[Source "ChessBase"]
[SourceQuality "1"]

{[%evp 13,46,0,0,0,0,0,2,-4,0,-9,1,19,14,0,8,32,16,0,0,0,0,0,0,0,0,0,0,0,0,0,0,-14,0,0,0]} 1. d4 Nf6 2. c4 e6 3. g3 d5 4. Bg2 Bb4+ 5. Nd2 O-O 6. Ngf3 dxc4 7. Qc2 a5 {LiveBook: 27 Games. E04: Open Catalan: 5 Nf3} 8. a3 (8. Qxc4 b6 9. a3 Be7 10. Ne5 Ra7 11. Ndf3 Ba6 12. Qc2 c5 13. Bf4 cxd4 14. Rd1 Nd5 15. Nxd4 Nxf4 16. gxf4 {½-½ (52) Sengupta,D (2586)-Wei,Y (2732) Chengdu 2017}) 8... Bxd2+ 9. Bxd2 b5 10. a4 $146 ({Predecessor:} 10. O-O Bb7 11. Bg5 Nbd7 12. b4 axb4 13. axb4 h6 14. Bf4 Be4 15. Qc3 {0-1 (23) Thomas,J (1000)-Bourgoin,C (1860) IECC email 2001}) 10... c6 11. e4 e5 12. dxe5 Nfd7 $1 {[%cal Bf6d7,Bd7c5,Bc5b3][%mdl 32]} 13. Be3 {Threatening 0-0.} Na6 $1 14. O-O Ndc5 15. Rfd1 {The position is equal.} Qc7 16. axb5 cxb5 17. Nd4 Rb8 18. Nf5 $36 {[%mdl 2048] White has good play.} Nb3 {aiming for ...Nb4.} 19. Rab1 Nb4 20. Qc3 {[#] e6! is the strong threat.} Na2 21. Qc2 Nb4 22. Qc3 {Threatens to win with e6!} Na2 23. Qc2 Nb4 {Precision: White = 70%, Black = 82%.} 1/2-1/2

[Event "FIDE Grand Prix Palma 2017"]
[Site "Palma de Mallorca"]
[Date "2017.11.25"]
[Round "9"]
[White "Riazantsev, Alexander"]
[Black "Li, Chao b"]
[Result "1/2-1/2"]
[WhiteElo "2651"]
[BlackElo "2741"]
[Annotator "TA"]
[PlyCount "37"]
[EventDate "2017.??.??"]
[EventType "swiss"]
[EventCountry "ESP"]
[SourceTitle "playchess.com"]
[Source "ChessBase"]
[SourceQuality "1"]

{[%evp 22,37,16,0,24,22,20,24,37,25,31,0,18,10,14,-6,0,0]} 1. d4 Nf6 2. c4 g6 3. Nc3 d5 4. cxd5 Nxd5 5. e4 Nxc3 6. bxc3 c5 7. Nf3 Bg7 8. h3 Nc6 {D85: Exchange Grünfeld: Unusual White 7th moves and lines with 7 Nf3} 9. Be3 Qa5 10. Bd2 O-O 11. Be2 e6 (11... Qd8 12. d5 Ne5 13. Nxe5 Bxe5 14. O-O f5 15. f4 Bg7 16. Bc4 fxe4 {½-½ (31) Grachev,B (2654)-Vachier Lagrave,M (2804) Tbilisi 2017}) 12. O-O {LiveBook: 3 Games} Qc7 {[%cal Rc5d4]} 13. Rc1 b6 14. Bg5 h6 15. Be3 Rd8 16. Qa4 $146 ({Predecessor:} 16. Qd2) 16... Na5 {The position is equal.} 17. dxc5 bxc5 18. e5 Bb7 19. Qh4 1/2-1/2

[Event "FIDE Grand Prix Palma 2017"]
[Site "Palma de Mallorca"]
[Date "2017.11.25"]
[Round "9"]
[White "Hammer, Jon Ludvig"]
[Black "Inarkiev, Ernesto"]
[Result "1/2-1/2"]
[WhiteElo "2629"]
[BlackElo "2683"]
[Annotator "TA"]
[PlyCount "38"]
[EventDate "2017.??.??"]
[EventType "swiss"]
[EventCountry "ESP"]
[SourceTitle "playchess.com"]
[Source "ChessBase"]
[SourceQuality "1"]

{[%evp 17,38,19,9,0,0,0,0,0,0,0,0,0,0,0,0,0,0,0,0,0,0,0,0]} 1. e4 c5 2. Nf3 e6 3. d4 cxd4 4. Nxd4 Nc6 5. Nc3 Qc7 6. g3 a6 7. Bg2 Nf6 8. O-O Bc5 9. Nxc6 dxc6 {The position is equal.} 10. e5 {B47: Sicilian: Taimanov: 5 Nc3 Qc7 6 f4, 6 g3 and 6 Be2} (10. Na4 Ba7 11. c4 e5 12. c5 Be6 13. Qc2 Rd8 14. Be3 Ng4 15. Bg5 Rd4 16. b3 f6 17. Bc1 h5 18. h3 {½-½ (71) Demchenko,A (2639)-Vitiugov,N (2734) Ekaterinburg 2013}) 10... Qxe5 11. Bf4 Qd4 12. Qe2 {aiming for Rfd1.} Be7 13. Rfd1 Qb6 14. Na4 Qa5 $1 {[%cal Ra5a4]} 15. b3 O-O 16. Bd2 $146 ({Predecessor:} 16. Nb2 Nd5 17. Bd2 Bb4 {1-0 (42) Miralles,G (2485)-Miladinovic,I (2607) Monaco 2006}) 16... Qc7 17. Bf4 Qa5 18. Bd2 Qc7 19. Bf4 Qa5 1/2-1/2